[Event "Greek Team Championship"]
[Site "chess24.com"]
[Date "2017.07.07"]
[Round "6"]
[White "Tsiros, Fragkiskos Vlasios"]
[Black "Kalogeris, Ioannis"]
[Result "0-1"]
[Board "8"]
[WhiteElo "2163"]
[WhiteCountry "GRE"]
[WhiteFideId "4228200"]
[WhiteEloChange "-6"]
[BlackElo "2295"]
[BlackCountry "GRE"]
[BlackFideId "4239563"]
[BlackEloChange "6"]

1. e4 {[%clk 1:30:57]} c5 {[%clk 1:30:51]} 2. Nf3 {[%clk 1:31:10]} Nc6 {[%clk
1:31:05]} 3. Bb5 {[%clk 1:30:58]} g6 {[%clk 1:30:54]} 4. O-O {[%clk 1:31:05]} Bg7
{[%clk 1:31:19]} 5. Re1 {[%clk 1:30:18]} e5 {[%clk 1:31:08]} 6. Nc3 {[%clk
1:24:47]} Nge7 {[%clk 1:31:15]} 7. Nd5 {[%clk 1:24:31]} O-O {[%clk 1:29:44]} 8.
c3 {[%clk 1:17:42]} a6 {[%clk 1:26:16]} 9. Bc4 {[%clk 1:05:42]} b5 {[%clk
1:24:18]} 10. Nxe7+ {[%clk 1:01:15]} Nxe7 {[%clk 1:24:33]} 11. Bf1 {[%clk
1:01:38]} d5 {[%clk 1:14:05]} 12. a4 {[%clk 0:54:39]} dxe4 {[%clk 0:55:45]} 13.
Ng5 {[%clk 0:49:15]} Rb8 {[%clk 0:46:07]} 14. axb5 {[%clk 0:47:26]} axb5 {[%clk
0:46:24]} 15. Nxe4 {[%clk 0:47:40]} Qc7 {[%clk 0:46:41]} 16. d4 {[%clk 0:38:14]}
exd4 {[%clk 0:44:50]} 17. cxd4 {[%clk 0:25:08]} cxd4 {[%clk 0:40:29]} 18. Bg5
{[%clk 0:19:26]} Nd5 {[%clk 0:39:52]} 19. Qd2 {[%clk 0:15:37]} Bf5 {[%clk
0:39:50]} 20. Rac1 {[%clk 0:11:25]} Qb6 {[%clk 0:38:39]} 21. Ng3 {[%clk 0:09:18]}
Bd7 {[%clk 0:32:57]} 22. Bh6 {[%clk 0:09:41]} Bxh6 {[%clk 0:31:39]} 23. Qxh6
{[%clk 0:10:05]} f5 {[%clk 0:26:26]} 24. Rcd1 {[%clk 0:07:28]} f4 {[%clk
0:17:12]} 25. Ne4 {[%clk 0:02:35]} Bf5 {[%clk 0:17:01]} 26. Ng5 {[%clk 0:02:34]}
Rb7 {[%clk 0:17:14]} 27. Re5 {[%clk 0:02:21]} Qd6 {[%clk 0:17:04]} 28. Ree1
{[%clk 0:01:22]} Nf6 {[%clk 0:16:16]} 29. Nf3 {[%clk 0:00:52]} d3 {[%clk
0:16:04]} 30. Bxd3 {[%clk 0:00:39]} Bxd3 {[%clk 0:16:26]} 31. Ne5 {[%clk
0:01:08]} Re7 {[%clk 0:16:25]} 32. Qxf4 {[%clk 0:00:46]} Nd7 {[%clk 0:12:56]} 33.
Rxd3 {[%clk 0:00:32]} Rxf4 {[%clk 0:12:10]} 0-1

[Event "Greek Team Championship"]
[Site "chess24.com"]
[Date "2017.07.07"]
[Round "6"]
[White "Pavlidis, Pavlos"]
[Black "Trimitzios, Petros"]
[Result "0-1"]
[Board "9"]
[WhiteElo "1928"]
[WhiteCountry "GRE"]
[WhiteFideId "4200616"]
[WhiteEloChange "-3"]
[BlackElo "2199"]
[BlackCountry "GRE"]
[BlackFideId "25808796"]
[BlackEloChange "3"]

1. e4 {[%clk 1:30:57]} e5 {[%clk 1:30:39]} 2. Nf3 {[%clk 1:31:15]} Nc6 {[%clk
1:30:20]} 3. Bb5 {[%clk 1:31:27]} a6 {[%clk 1:30:00]} 4. Ba4 {[%clk 1:31:48]} Nf6
{[%clk 1:29:34]} 5. d3 {[%clk 1:31:57]} b5 {[%clk 1:29:10]} 6. Bb3 {[%clk
1:32:18]} Bc5 {[%clk 1:28:58]} 7. O-O {[%clk 1:32:30]} d6 {[%clk 1:28:09]} 8. c3
{[%clk 1:31:24]} O-O {[%clk 1:26:47]} 9. Bg5 {[%clk 1:30:36]} h6 {[%clk 1:19:55]}
10. Bh4 {[%clk 1:30:18]} Be6 {[%clk 1:13:59]} 11. Nbd2 {[%clk 1:21:04]} g5 {[%clk
1:07:10]} 12. Bg3 {[%clk 1:14:23]} Qd7 {[%clk 1:03:34]} 13. Re1 {[%clk 1:10:16]}
Kg7 {[%clk 0:56:21]} 14. Nf1 {[%clk 1:05:53]} Bb6 {[%clk 0:47:07]} 15. Bc2 {[%clk
1:03:22]} Nh5 {[%clk 0:41:06]} 16. d4 {[%clk 0:55:19]} exd4 {[%clk 0:36:07]} 17.
cxd4 {[%clk 0:49:05]} Bg4 {[%clk 0:34:09]} 18. d5 {[%clk 0:44:09]} Ne5 {[%clk
0:29:10]} 19. Bxe5+ {[%clk 0:39:39]} dxe5 {[%clk 0:29:30]} 20. Ne3 {[%clk
0:35:42]} Nf4 {[%clk 0:28:30]} 21. Nxe5 {[%clk 0:29:36]} Bxd1 {[%clk 0:27:42]}
22. Nxd7 {[%clk 0:29:58]} Bxc2 {[%clk 0:26:47]} 23. Nxc2 {[%clk 0:28:47]} Rfd8
{[%clk 0:25:37]} 24. Nxb6 {[%clk 0:28:10]} cxb6 {[%clk 0:26:06]} 25. Nd4 {[%clk
0:27:15]} Rac8 {[%clk 0:25:54]} 26. Nc6 {[%clk 0:26:53]} Rd7 {[%clk 0:24:45]} 27.
Re3 {[%clk 0:25:23]} f6 {[%clk 0:21:43]} 28. g3 {[%clk 0:22:57]} Ng6 {[%clk
0:22:04]} 29. Rc3 {[%clk 0:21:34]} Re8 {[%clk 0:21:59]} 30. f3 {[%clk 0:21:26]}
g4 {[%clk 0:19:27]} 31. Kf2 {[%clk 0:20:57]} gxf3 {[%clk 0:17:56]} 32. Kxf3
{[%clk 0:21:18]} a5 {[%clk 0:17:26]} 33. Rd1 {[%clk 0:17:08]} b4 {[%clk 0:15:45]}
34. Rc2 {[%clk 0:15:51]} Rc8 {[%clk 0:11:02]} 35. Nxb4 {[%clk 0:12:33]} Ne5+
{[%clk 0:10:57]} 36. Ke2 {[%clk 0:11:45]} Re8 {[%clk 0:10:56]} 37. Nd3 {[%clk
0:05:46]} Nf7 {[%clk 0:08:50]} 38. Nf2 {[%clk 0:05:11]} f5 {[%clk 0:08:11]} 39.
Rc4 {[%clk 0:03:27]} Nd6 {[%clk 0:08:29]} 40. Rc6 {[%clk 0:31:00]} b5 {[%clk
0:37:58]} 41. b3 {[%clk 0:26:28]} fxe4 {[%clk 0:37:34]} 42. Nh3 {[%clk 0:26:11]}
Kf6 {[%clk 0:35:48]} 43. Nf4 {[%clk 0:25:06]} Ke5 {[%clk 0:30:21]} 44. a3 {[%clk
0:17:26]} Rg8 {[%clk 0:26:57]} 45. Ra6 {[%clk 0:16:35]} h5 {[%clk 0:25:46]} 46.
Kf2 {[%clk 0:14:44]} h4 {[%clk 0:25:13]} 47. Ne2 {[%clk 0:09:14]} Rf7+ {[%clk
0:24:01]} 48. Nf4 {[%clk 0:09:13]} hxg3+ {[%clk 0:22:54]} 49. hxg3 {[%clk
0:09:38]} Rfg7 {[%clk 0:16:14]} 50. Ne2 {[%clk 0:08:53]} Rh8 {[%clk 0:15:16]} 51.
Rxa5 {[%clk 0:07:10]} Rh2+ {[%clk 0:15:30]} 52. Kf1 {[%clk 0:03:56]} Nf5 {[%clk
0:15:16]} 53. Rc1 {[%clk 0:02:52]} Nxg3+ {[%clk 0:13:44]} 54. Nxg3 {[%clk
0:03:13]} Rxg3 {[%clk 0:14:12]} 55. Rc8 {[%clk 0:02:49]} e3 {[%clk 0:14:17]} 56.
Re8+ {[%clk 0:02:28]} Kd4 {[%clk 0:14:46]} 57. d6 {[%clk 0:01:45]} Rf2+ {[%clk
0:15:13]} 0-1

[Event "Greek Team Championship"]
[Site "chess24.com"]
[Date "2017.07.07"]
[Round "6"]
[White "Rousis, Chrysostomos"]
[Black "Kanteraki, Maria-Myrto"]
[Result "0-1"]
[Board "10"]
[WhiteElo "1615"]
[WhiteCountry "CYP"]
[WhiteFideId "5902860"]
[WhiteEloChange "-16"]
[BlackElo "1375"]
[BlackCountry "GRE"]
[BlackFideId "25818023"]
[BlackEloChange "16"]

1. e4 {[%clk 1:30:57]} d5 {[%clk 1:30:52]} 2. exd5 {[%clk 1:31:17]} Qxd5 {[%clk
1:31:14]} 3. Nc3 {[%clk 1:31:30]} Qd6 {[%clk 1:31:38]} 4. Bc4 {[%clk 1:31:38]}
Nf6 {[%clk 1:32:00]} 5. d3 {[%clk 1:31:57]} a6 {[%clk 1:32:08]} 6. Nge2 {[%clk
1:31:49]} b5 {[%clk 1:31:55]} 7. Bb3 {[%clk 1:31:47]} Bb7 {[%clk 1:31:45]} 8. O-O
{[%clk 1:29:48]} c5 {[%clk 1:29:39]} 9. f3 {[%clk 1:28:05]} Nc6 {[%clk 1:27:36]}
10. Ne4 {[%clk 1:23:49]} Nxe4 {[%clk 1:21:26]} 11. fxe4 {[%clk 1:24:11]} e6
{[%clk 1:20:22]} 12. Be3 {[%clk 1:16:57]} Na5 {[%clk 1:19:11]} 13. Qe1 {[%clk
1:15:47]} Nxb3 {[%clk 1:18:37]} 14. axb3 {[%clk 1:16:08]} Be7 {[%clk 1:18:38]}
15. Rf3 {[%clk 1:07:34]} Bf6 {[%clk 1:14:01]} 16. Qf2 {[%clk 0:59:12]} Rc8 {[%clk
1:11:21]} 17. Rf1 {[%clk 0:57:16]} Qe7 {[%clk 1:09:35]} 18. Ng3 {[%clk 0:51:17]}
O-O {[%clk 1:06:23]} 19. Nh5 {[%clk 0:46:56]} Bxb2 {[%clk 1:00:48]} 20. Qg3
{[%clk 0:46:46]} Kh8 {[%clk 0:58:44]} 21. d4 {[%clk 0:40:17]} f6 {[%clk 0:56:59]}
22. Rf4 {[%clk 0:40:02]} cxd4 {[%clk 0:55:11]} 23. Rg4 {[%clk 0:40:02]} Rf7
{[%clk 0:53:44]} 24. Bf4 {[%clk 0:33:46]} Rc3 {[%clk 0:49:27]} 25. Rf3 {[%clk
0:32:21]} e5 {[%clk 0:46:09]} 26. Bh6 {[%clk 0:32:08]} Rxf3 {[%clk 0:45:30]} 27.
gxf3 {[%clk 0:32:28]} g6 {[%clk 0:44:07]} 28. f4 {[%clk 0:28:59]} Bxe4 {[%clk
0:43:07]} 29. fxe5 {[%clk 0:28:40]} Bf5 {[%clk 0:40:24]} 30. exf6 {[%clk
0:27:43]} Qc5 {[%clk 0:38:29]} 31. Qb8+ {[%clk 0:19:53]} Qc8 {[%clk 0:37:44]} 32.
Qxc8+ {[%clk 0:18:58]} Bxc8 {[%clk 0:38:09]} 33. Re4 {[%clk 0:19:21]} Bd7 {[%clk
0:38:30]} 34. Bg7+ {[%clk 0:18:57]} Kg8 {[%clk 0:38:53]} 35. Ng3 {[%clk 0:19:06]}
d3 {[%clk 0:38:41]} 36. cxd3 {[%clk 0:18:14]} Bxf6 {[%clk 0:38:46]} 37. Bxf6
{[%clk 0:18:39]} Rxf6 {[%clk 0:39:10]} 38. Rd4 {[%clk 0:18:37]} Bf5 {[%clk
0:38:58]} 39. Nxf5 {[%clk 0:16:30]} Rxf5 {[%clk 0:39:23]} 40. Rd7 {[%clk
0:46:08]} Rc5 {[%clk 1:08:14]} 41. Ra7 {[%clk 0:40:00]} Rc3 {[%clk 1:08:35]} 42.
Rxa6 {[%clk 0:37:54]} Rxd3 {[%clk 1:08:58]} 43. Kf2 {[%clk 0:37:11]} Rxb3 {[%clk
1:09:23]} 44. Rb6 {[%clk 0:37:02]} Kg7 {[%clk 1:09:34]} 45. Rb7+ {[%clk 0:36:12]}
Kh6 {[%clk 1:09:52]} 46. h4 {[%clk 0:35:48]} Rb2+ {[%clk 1:09:18]} 47. Ke3 {[%clk
0:35:18]} b4 {[%clk 1:09:38]} 48. Kd3 {[%clk 0:34:45]} b3 {[%clk 1:09:53]} 49.
Kc3 {[%clk 0:34:57]} Rb1 {[%clk 1:10:20]} 50. Re7 {[%clk 0:34:17]} Rh1 {[%clk
1:10:29]} 51. Kxb3 {[%clk 0:32:27]} Rxh4 {[%clk 1:10:54]} 52. Kc3 {[%clk
0:32:50]} Rf4 {[%clk 1:11:17]} 53. Kd3 {[%clk 0:32:51]} g5 {[%clk 1:11:44]} 54.
Ke3 {[%clk 0:32:37]} Rf8 {[%clk 1:12:08]} 55. Rd7 {[%clk 0:32:08]} Kg6 {[%clk
1:12:11]} 56. Rc7 {[%clk 0:32:23]} h5 {[%clk 1:12:27]} 57. Rc6+ {[%clk 0:32:34]}
Rf6 {[%clk 1:12:42]} 58. Rc8 {[%clk 0:32:40]} h4 {[%clk 1:11:55]} 59. Rg8+ {[%clk
0:32:42]} Kh5 {[%clk 1:12:20]} 60. Re8 {[%clk 0:32:05]} h3 {[%clk 1:12:37]} 61.
Rd8 {[%clk 0:31:45]} h2 {[%clk 1:12:45]} 62. Rd1 {[%clk 0:31:31]} g4 {[%clk
1:12:48]} 63. Rd5+ {[%clk 0:30:38]} Kh4 {[%clk 1:13:11]} 64. Rd8 {[%clk 0:30:43]}
Rf5 {[%clk 1:13:13]} 65. Rd7 {[%clk 0:30:28]} h1Q {[%clk 1:13:19]} 66. Rd1 {[%clk
0:30:47]} Qf3+ {[%clk 1:13:40]} 0-1

[Event "Greek Team Championship"]
[Site "chess24.com"]
[Date "2017.07.07"]
[Round "6"]
[White "Nikolaidis, Konstantinos"]
[Black "Czarnota, Pawel"]
[Result "0-1"]
[Board "1"]
[WhiteElo "2229"]
[WhiteTitle "FM"]
[WhiteCountry "GRE"]
[WhiteFideId "4200578"]
[WhiteEloChange "-3"]
[BlackElo "2557"]
[BlackTitle "GM"]
[BlackCountry "POL"]
[BlackFideId "1121219"]
[BlackEloChange "1"]

1. d4 {[%clk 1:30:53]} Nf6 {[%clk 1:30:31]} 2. Nf3 {[%clk 1:30:09]} g6 {[%clk
1:30:51]} 3. Bg5 {[%clk 1:29:51]} Bg7 {[%clk 1:31:11]} 4. Nbd2 {[%clk 1:30:11]}
O-O {[%clk 1:31:32]} 5. c3 {[%clk 1:30:25]} d6 {[%clk 1:29:36]} 6. e3 {[%clk
1:29:21]} Nbd7 {[%clk 1:29:39]} 7. Bd3 {[%clk 1:28:38]} Re8 {[%clk 1:26:06]} 8.
O-O {[%clk 1:26:48]} e5 {[%clk 1:26:18]} 9. dxe5 {[%clk 1:26:57]} dxe5 {[%clk
1:23:32]} 10. e4 {[%clk 1:26:25]} h6 {[%clk 1:23:45]} 11. Bh4 {[%clk 1:26:25]}
Nc5 {[%clk 1:22:18]} 12. Bc2 {[%clk 1:25:37]} a5 {[%clk 1:22:39]} 13. Re1 {[%clk
1:18:31]} b5 {[%clk 1:07:01]} 14. Qe2 {[%clk 0:59:37]} c6 {[%clk 1:05:41]} 15.
Qe3 {[%clk 0:51:19]} Ncd7 {[%clk 0:59:58]} 16. a4 {[%clk 0:47:48]} Qc7 {[%clk
0:49:35]} 17. b4 {[%clk 0:41:16]} Bb7 {[%clk 0:46:27]} 18. Bb3 {[%clk 0:34:21]}
Bf8 {[%clk 0:46:04]} 19. bxa5 {[%clk 0:30:41]} Rxa5 {[%clk 0:43:20]} 20. axb5
{[%clk 0:29:06]} cxb5 {[%clk 0:43:41]} 21. Rac1 {[%clk 0:19:15]} Kg7 {[%clk
0:41:53]} 22. Bg3 {[%clk 0:16:38]} Ra3 {[%clk 0:37:46]} 23. Rb1 {[%clk 0:15:06]}
Nh5 {[%clk 0:36:56]} 24. Rec1 {[%clk 0:13:29]} Nxg3 {[%clk 0:36:25]} 25. hxg3
{[%clk 0:13:48]} Nf6 {[%clk 0:35:00]} 26. Ne1 {[%clk 0:09:24]} Rd8 {[%clk
0:34:14]} 27. Nc2 {[%clk 0:08:26]} Bc5 {[%clk 0:34:13]} 28. Qe1 {[%clk 0:05:37]}
Rxd2 {[%clk 0:34:35]} 29. Qxd2 {[%clk 0:05:49]} Nxe4 {[%clk 0:35:00]} 30. Qd3
{[%clk 0:01:05]} Bxf2+ {[%clk 0:32:22]} 31. Kf1 {[%clk 0:00:51]} Qc5 {[%clk
0:32:42]} 0-1

[Event "Greek Team Championship"]
[Site "chess24.com"]
[Date "2017.07.07"]
[Round "6"]
[White "Sandalakis, Angelos"]
[Black "Kouroumbas, Kosmas"]
[Result "1-0"]
[Board "2"]
[WhiteElo "2446"]
[WhiteTitle "IM"]
[WhiteCountry "GRE"]
[WhiteFideId "4207645"]
[WhiteEloChange "1"]
[BlackElo "1657"]
[BlackCountry "GRE"]
[BlackFideId "4263022"]
[BlackEloChange "-2"]

1. d4 {[%clk 1:30:36]} d5 {[%clk 1:30:52]} 2. Nf3 {[%clk 1:30:58]} Nf6 {[%clk
1:30:45]} 3. c4 {[%clk 1:31:19]} e6 {[%clk 1:30:53]} 4. g3 {[%clk 1:31:42]} c6
{[%clk 1:29:37]} 5. Qc2 {[%clk 1:31:44]} Bd6 {[%clk 1:29:20]} 6. Bg2 {[%clk
1:32:08]} O-O {[%clk 1:29:39]} 7. O-O {[%clk 1:32:32]} b6 {[%clk 1:28:32]} 8.
Nbd2 {[%clk 1:32:10]} Bb7 {[%clk 1:28:44]} 9. e4 {[%clk 1:32:23]} dxe4 {[%clk
1:28:14]} 10. Nxe4 {[%clk 1:31:44]} Nxe4 {[%clk 1:27:37]} 11. Qxe4 {[%clk
1:32:06]} Nd7 {[%clk 1:26:49]} 12. Rd1 {[%clk 1:31:55]} Nf6 {[%clk 1:26:14]} 13.
Qe2 {[%clk 1:32:15]} Qc7 {[%clk 1:23:55]} 14. Bg5 {[%clk 1:31:40]} Nd7 {[%clk
1:21:26]} 15. Rd2 {[%clk 1:29:41]} h6 {[%clk 1:17:51]} 16. Be3 {[%clk 1:29:45]}
Nf6 {[%clk 1:15:58]} 17. c5 {[%clk 1:26:12]} bxc5 {[%clk 1:09:44]} 18. dxc5
{[%clk 1:26:36]} Be7 {[%clk 1:10:11]} 19. Bd4 {[%clk 1:23:43]} Qa5 {[%clk
1:05:00]} 20. b4 {[%clk 1:22:56]} Qa4 {[%clk 0:58:24]} 21. Ne5 {[%clk 1:13:09]}
Rad8 {[%clk 0:56:44]} 22. Rb1 {[%clk 1:09:03]} Nd5 {[%clk 0:41:51]} 23. Ng4
{[%clk 0:47:16]} Kh7 {[%clk 0:18:49]} 24. Be4+ {[%clk 0:46:24]} g6 {[%clk
0:13:46]} 25. Bc2 {[%clk 0:46:18]} Qa6 {[%clk 0:08:35]} 26. Qe5 {[%clk 0:44:10]}
Rg8 {[%clk 0:08:51]} 27. Ba1 {[%clk 0:36:33]} Bc8 {[%clk 0:08:41]} 28. Rxd5
{[%clk 0:34:48]} Rxd5 {[%clk 0:04:47]} 29. Qf4 {[%clk 0:35:07]} 1-0

[Event "Greek Team Championship"]
[Site "chess24.com"]
[Date "2017.07.07"]
[Round "6"]
[White "Vasileiou, Ioannis"]
[Black "Santagati, Alessandro"]
[Result "0-1"]
[Board "3"]
[WhiteElo "1639"]
[WhiteCountry "GRE"]
[WhiteFideId "4256344"]
[WhiteEloChange "-2"]
[BlackElo "2315"]
[BlackTitle "FM"]
[BlackCountry "ITA"]
[BlackFideId "814644"]
[BlackEloChange "2"]

1. c4 {[%clk 1:30:57]} Nf6 {[%clk 1:30:51]} 2. Nc3 {[%clk 1:31:10]} g6 {[%clk
1:30:47]} 3. g3 {[%clk 1:31:26]} c5 {[%clk 1:30:35]} 4. Bg2 {[%clk 1:30:54]} Bg7
{[%clk 1:30:52]} 5. Nf3 {[%clk 1:31:06]} Nc6 {[%clk 1:31:04]} 6. O-O {[%clk
1:30:13]} O-O {[%clk 1:31:24]} 7. e4 {[%clk 1:26:41]} Ne8 {[%clk 1:27:52]} 8. Ne1
{[%clk 1:22:38]} Nc7 {[%clk 1:27:21]} 9. f4 {[%clk 1:19:03]} a6 {[%clk 1:25:33]}
10. Nd3 {[%clk 1:10:08]} b5 {[%clk 1:24:04]} 11. cxb5 {[%clk 1:08:28]} axb5
{[%clk 1:24:10]} 12. e5 {[%clk 1:08:19]} c4 {[%clk 1:21:28]} 13. Nf2 {[%clk
1:03:20]} b4 {[%clk 1:17:09]} 14. Nce4 {[%clk 1:02:33]} d5 {[%clk 1:16:21]} 15.
exd6 {[%clk 1:02:36]} exd6 {[%clk 1:16:36]} 16. d3 {[%clk 0:51:33]} d5 {[%clk
1:15:25]} 17. Ng5 {[%clk 0:49:43]} c3 {[%clk 1:14:48]} 18. Be3 {[%clk 0:41:01]}
cxb2 {[%clk 1:11:08]} 19. Rb1 {[%clk 0:40:57]} Rxa2 {[%clk 1:09:11]} 20. Bc5
{[%clk 0:39:51]} Re8 {[%clk 1:05:58]} 21. Qb3 {[%clk 0:39:22]} Ra3 {[%clk
1:05:27]} 22. Qd1 {[%clk 0:37:57]} Nb5 {[%clk 1:04:40]} 23. Qf3 {[%clk 0:29:52]}
Be6 {[%clk 0:58:40]} 24. Rfe1 {[%clk 0:27:31]} Qa5 {[%clk 0:49:58]} 25. Qxd5
{[%clk 0:25:17]} Ncd4 {[%clk 0:44:28]} 26. Nxe6 {[%clk 0:19:33]} fxe6 {[%clk
0:43:27]} 27. Qd7 {[%clk 0:19:10]} Rd8 {[%clk 0:43:09]} 28. Qe7 {[%clk 0:18:33]}
Bf8 {[%clk 0:41:25]} 29. Qg5 {[%clk 0:14:11]} Nc3 {[%clk 0:28:29]} 30. Bxd4
{[%clk 0:11:28]} Qxg5 {[%clk 0:28:27]} 31. fxg5 {[%clk 0:11:47]} Nxb1 {[%clk
0:28:41]} 32. Bxb2 {[%clk 0:10:54]} Nc3 {[%clk 0:27:56]} 33. Bh3 {[%clk 0:10:03]}
Bc5 {[%clk 0:25:19]} 34. Kg2 {[%clk 0:07:57]} Bxf2 {[%clk 0:25:30]} 35. Kxf2
{[%clk 0:07:41]} Ra6 {[%clk 0:25:50]} 36. Bxe6+ {[%clk 0:07:25]} Rxe6 {[%clk
0:26:06]} 37. Bxc3 {[%clk 0:05:00]} Rxe1 {[%clk 0:26:23]} 38. Bxe1 {[%clk
0:05:05]} b3 {[%clk 0:26:45]} 0-1

[Event "Greek Team Championship"]
[Site "chess24.com"]
[Date "2017.07.07"]
[Round "6"]
[White "Sandalakis, Nikolaos"]
[Black "Tsotras, Ioannis"]
[Result "1-0"]
[Board "4"]
[WhiteElo "2229"]
[WhiteCountry "GRE"]
[WhiteFideId "4222890"]
[WhiteEloChange "2"]
[BlackElo "1477"]
[BlackCountry "GRE"]
[BlackFideId "4269594"]
[BlackEloChange "-2"]

1. e4 {[%clk 1:30:51]} e5 {[%clk 1:30:52]} 2. Nf3 {[%clk 1:30:03]} Nc6 {[%clk
1:31:11]} 3. Bb5 {[%clk 1:29:22]} a6 {[%clk 1:31:19]} 4. Ba4 {[%clk 1:29:45]} Nf6
{[%clk 1:31:40]} 5. O-O {[%clk 1:29:36]} Be7 {[%clk 1:31:29]} 6. Re1 {[%clk
1:29:27]} d6 {[%clk 1:31:41]} 7. c3 {[%clk 1:28:12]} O-O {[%clk 1:30:43]} 8. h3
{[%clk 1:27:00]} b5 {[%clk 1:29:01]} 9. Bc2 {[%clk 1:26:44]} Re8 {[%clk 1:27:55]}
10. a4 {[%clk 1:24:04]} b4 {[%clk 1:26:41]} 11. a5 {[%clk 1:23:08]} Bb7 {[%clk
1:25:40]} 12. d3 {[%clk 1:13:01]} Bf8 {[%clk 1:23:14]} 13. Nbd2 {[%clk 1:11:31]}
bxc3 {[%clk 1:18:53]} 14. bxc3 {[%clk 1:11:14]} Ne7 {[%clk 1:18:12]} 15. Nf1
{[%clk 1:08:27]} Ng6 {[%clk 1:17:56]} 16. Ba4 {[%clk 1:00:55]} c6 {[%clk
1:16:38]} 17. Be3 {[%clk 0:57:02]} Nd7 {[%clk 1:13:29]} 18. Rb1 {[%clk 0:53:44]}
Qc7 {[%clk 1:12:14]} 19. Qb3 {[%clk 0:53:44]} Reb8 {[%clk 1:06:57]} 20. Bb6
{[%clk 0:36:27]} Nxb6 {[%clk 1:05:54]} 21. Qxb6 {[%clk 0:28:12]} Qc8 {[%clk
0:59:35]} 22. Qe3 {[%clk 0:25:33]} Be7 {[%clk 0:55:51]} 23. N1d2 {[%clk 0:22:15]}
Nf8 {[%clk 0:51:12]} 24. Nc4 {[%clk 0:21:41]} Nd7 {[%clk 0:50:12]} 25. d4 {[%clk
0:21:00]} f6 {[%clk 0:31:21]} 26. Nh4 {[%clk 0:16:13]} Qc7 {[%clk 0:31:07]} 27.
Nf5 {[%clk 0:16:12]} Bf8 {[%clk 0:29:01]} 28. Qg3 {[%clk 0:12:55]} g6 {[%clk
0:28:54]} 29. h4 {[%clk 0:10:14]} Kh8 {[%clk 0:22:48]} 30. Nfe3 {[%clk 0:10:20]}
Rd8 {[%clk 0:18:55]} 31. h5 {[%clk 0:10:11]} Kg7 {[%clk 0:14:04]} 32. Nf5+ {[%clk
0:09:20]} Kf7 {[%clk 0:12:24]} 33. hxg6+ {[%clk 0:09:42]} hxg6 {[%clk 0:12:37]}
34. Ncxd6+ {[%clk 0:09:27]} Bxd6 {[%clk 0:13:04]} 35. Bb3+ {[%clk 0:09:47]} 1-0

[Event "Greek Team Championship"]
[Site "chess24.com"]
[Date "2017.07.07"]
[Round "6"]
[White "Juhasz, Barbara"]
[Black "Drakaki, Anna-Maria"]
[Result "1-0"]
[Board "5"]
[WhiteElo "2214"]
[WhiteTitle "WFM"]
[WhiteCountry "HUN"]
[WhiteFideId "743585"]
[WhiteEloChange "3"]
[BlackElo "1912"]
[BlackCountry "GRE"]
[BlackFideId "4225210"]
[BlackEloChange "-3"]

1. e4 {[%clk 1:30:53]} c5 {[%clk 1:30:54]} 2. Nf3 {[%clk 1:31:17]} d6 {[%clk
1:31:18]} 3. d4 {[%clk 1:31:40]} cxd4 {[%clk 1:31:43]} 4. Qxd4 {[%clk 1:32:04]}
Nc6 {[%clk 1:31:55]} 5. Bb5 {[%clk 1:32:26]} Bd7 {[%clk 1:32:19]} 6. Qd3 {[%clk
1:32:48]} h6 {[%clk 1:32:00]} 7. c4 {[%clk 1:32:30]} Nf6 {[%clk 1:28:37]} 8. Nc3
{[%clk 1:32:23]} a6 {[%clk 1:22:55]} 9. Bxc6 {[%clk 1:32:29]} Bxc6 {[%clk
1:23:19]} 10. O-O {[%clk 1:29:43]} e6 {[%clk 1:14:49]} 11. Rd1 {[%clk 1:24:48]}
Qc7 {[%clk 0:53:53]} 12. b3 {[%clk 1:11:01]} Be7 {[%clk 0:52:44]} 13. Bb2 {[%clk
1:03:19]} O-O {[%clk 0:51:33]} 14. Rac1 {[%clk 1:03:07]} Qb6 {[%clk 0:45:03]} 15.
h3 {[%clk 1:01:42]} Rfd8 {[%clk 0:41:37]} 16. Nd4 {[%clk 1:01:24]} Qa5 {[%clk
0:27:45]} 17. Qe2 {[%clk 0:40:32]} Qg5 {[%clk 0:24:29]} 18. Rc2 {[%clk 0:33:59]}
Qg6 {[%clk 0:19:56]} 19. Nxc6 {[%clk 0:31:03]} bxc6 {[%clk 0:20:20]} 20. Ba3
{[%clk 0:29:41]} e5 {[%clk 0:17:40]} 21. Rcd2 {[%clk 0:28:12]} Nh7 {[%clk
0:09:10]} 22. Qg4 {[%clk 0:27:51]} Qxg4 {[%clk 0:04:39]} 23. hxg4 {[%clk
0:28:17]} c5 {[%clk 0:04:41]} 24. Nd5 {[%clk 0:24:12]} Bf8 {[%clk 0:01:52]} 25.
Bb2 {[%clk 0:08:59]} Ng5 {[%clk 0:01:26]} 26. f3 {[%clk 0:09:25]} Ne6 {[%clk
0:01:17]} 27. g3 {[%clk 0:09:41]} f6 {[%clk 0:00:39]} 28. Bc3 {[%clk 0:08:23]}
Nd4 {[%clk 0:00:39]} 29. Bxd4 {[%clk 0:07:49]} cxd4 {[%clk 0:00:45]} 30. Kf2
{[%clk 0:05:50]} Kf7 {[%clk 0:00:51]} 31. b4 {[%clk 0:05:47]} Rac8 {[%clk
0:00:59]} 32. Rc2 {[%clk 0:06:10]} Rc6 {[%clk 0:00:58]} 33. Ke2 {[%clk 0:06:34]}
Rdc8 {[%clk 0:00:46]} 34. Kd3 {[%clk 0:07:00]} g6 {[%clk 0:00:58]} 35. a4 {[%clk
0:06:01]} Ke6 {[%clk 0:00:52]} 36. b5 {[%clk 0:05:53]} Rc5 {[%clk 0:00:40]} 37.
b6 {[%clk 0:02:42]} Ra5 {[%clk 0:00:41]} 38. Ra1 {[%clk 0:03:04]} Rb8 {[%clk
0:00:41]} 39. Rb2 {[%clk 0:03:26]} Be7 {[%clk 0:00:42]} 40. Rb4 {[%clk 0:33:09]}
Rc5 {[%clk 0:30:37]} 41. Nc7+ {[%clk 0:24:00]} Rxc7 {[%clk 0:31:02]} 42. bxc7
{[%clk 0:24:27]} Rc8 {[%clk 0:31:28]} 43. Rb7 {[%clk 0:24:53]} Kd7 {[%clk
0:31:53]} 44. Rab1 {[%clk 0:25:20]} Rxc7 {[%clk 0:31:20]} 45. Rxc7+ {[%clk
0:23:02]} Kxc7 {[%clk 0:31:43]} 46. a5 {[%clk 0:20:46]} g5 {[%clk 0:22:49]} 47.
Rb6 {[%clk 0:20:24]} Bd8 {[%clk 0:22:42]} 48. Rxa6 {[%clk 0:20:41]} Kd7 {[%clk
0:23:00]} 49. Ra8 {[%clk 0:19:55]} Bc7 {[%clk 0:22:09]} 50. a6 {[%clk 0:20:04]}
Kc6 {[%clk 0:22:06]} 51. Rc8 {[%clk 0:20:09]} 1-0